000 nam a22 7a 4500
999 _c127511
_d127511
008 180125b xxu||||| |||| 00| 0 eng d
020 _a9780674880146
050 _aB-300-1
100 _aRalws, John
_938907
245 _aA theory of Justice
_cJohn Rawls
260 _aCambridge
_bThe Belknap Press
_c1971
300 _axv, 605p. ;
_c23cm.
942 _2lcc
_cMONOGRAPH